000
00330nam a2200121Ia 4500
008
190723s9999 xx 000 0 und d
100
_a
Philip Kotler
245
0
_a
Marketing Management Analysis planning Implementation and Control
250
_a
9th
260
_a
New York
_b
Prentice hall
_c
1997
300
_a
789.:P
942
_c
BK
999
_c
1391
_d
1391